005840000a22001690004500001001000000003001000010005001700020008004100037022001400078040004100092041000800133100003000141245007000171300005500241546002200296773009600318768714001CO-MdFUSB20170823123642.0170823s2001 xxu||||| |||| 00| 0 eng d a0120-3649 aCO-MdFUSBbspacCO-MdFUSBdCO-MdFUSB aeng1 aSudilovsky, Juditheautor10aPalatial discovery : bwalls may have been part of Herod's palace aVolumen 27. Número 6 (2001), Página 18c28 cm. aTexto en inglés0 tBiblical Archaeology Review049395gVolumen 27. Número 6 (2001), Página 18qPágina 18